ბათუმის შოთა რუსთაველის სახელმწიფო უნივერსიტეტის ბიბლიოთეკა

Основы государственной службы и кадровой политики. (ბიბ.ჩანაწერი № 44276)

000 -LEADER
fixed length control field 00896nam a2200265Ia 4500
001 - CONTROL NUMBER
control field 11034
003 - CONTROL NUMBER IDENTIFIER
control field GE_BSU
008 - FIXED-LENGTH DATA ELEMENTS--GENERAL INFORMATION
fixed length control field 181216s||||||||xx |||||||||||||| ||und||
020 ## - INTERNATIONAL STANDARD BOOK NUMBER
International Standard Book Number 9785238017699
040 ## - CATALOGING SOURCE
Transcribing agency GE_BSU
080 ## - UNIVERSAL DECIMAL CLASSIFICATION NUMBER
Universal Decimal Classification number 35.08(470+571)(075.8)
100 ## - MAIN ENTRY--PERSONAL NAME
Personal name Черепанов,Виктор Вениаминович.
245 ## - TITLE STATEMENT
Title Основы государственной службы и кадровой политики.
245 ## - TITLE STATEMENT
Remainder of title Учебник для студентов.
245 ## - TITLE STATEMENT
Statement of responsibility, etc. Ред.Т.М.Дубович.
250 ## - EDITION STATEMENT
Edition statement 2-е изд.перераб.и доп.
260 ## - PUBLICATION, DISTRIBUTION, ETC.
Place of publication, distribution, etc. Москва
260 ## - PUBLICATION, DISTRIBUTION, ETC.
Name of publisher, distributor, etc. Юнити-Дана
260 ## - PUBLICATION, DISTRIBUTION, ETC.
Date of publication, distribution, etc. 2014.
300 ## - PHYSICAL DESCRIPTION
Extent 679стр,22см.
300 ## - PHYSICAL DESCRIPTION
Accompanying material Библиогр:с.669-674.
653 ## - INDEX TERM--UNCONTROLLED
Uncontrolled term Основы государственной службы и кадровой политики.
942 ## - ADDED ENTRY ELEMENTS (KOHA)
Koha item type წიგნი
ეგზემპლარები
Withdrawn status Lost status Damaged status Not for loan Date acquired Barcode Date last seen Price effective from Koha item type
        2018-12-17 35359 2018-12-17 2018-12-17 წიგნი